Las artesanías / (Registro nro. 14667)

Detalles MARC
000 -LIDER
fixed length control field 01095nam a22003371 4500
001 - NÚMERO DE CONTROL
Identificador de número de control 01107648
003 - IDENTIFICACDOR DE NÚMERO DE CONTROL
control field DO-SdBNP
005 - DATE AND TIME OF LATEST TRANSACTION
control field 20240614093948.0
007 - CAMPOS FIJOS DE DESCRIPCIÓN FÍSICA
fixed length control field 01107648
008 - ELEMENTOS DE LONGITUD FIJA
fixed length control field 920725s2005 pr spa
017 ## - NÚMERO DE REGISTRO DE DERECHOS DE AUTOR
Copyright or legal deposit number
Assigning agency
020 ## - ISBN
International Standard Book Number 0847715515
035 ## - NÚMERO LOCAL
System control number
040 ## - FUENTE DE CATALOGACIÓN
Agencia que crea de manera original el registro BPMSU
Idioma de catalogación spa
Agencia que realiza la transcripción BPMSU
082 #4 - NÚMERO DE CLASIFICACIÓN DECIMAL DE DEWEY
Classification number 745.5
Item number R621a 2005
Edition number 22
100 1# - ASIENTO PRINCIPAL -- NOMBRE PERSONAL
Nombre personal Rivera Lassén, Carmen Leonor
245 14 - MENCIÓN DE TITULO
Título Las artesanías /
Mención de responsabilidad Carmen Leonor Rivera-Lassén ; ilustraciones, Mrinali Álvarez Astacio.
Subtítulo
Medio (Designación general de material)
260 ## - PUBLICACIÓN, DISTRIBUCIÓN, ETC. (PIE DE IMPRENTA)
Lugar de publicación, distribución, etc Puerto Rico :
Nombre del editor, distribuidor, etc. Universidad de Puerto Rico,
Fecha de publicación, distribución, etc 2005
300 ## - DESCRIPCIÓN FÍSICA
Extensión 26 p. :
Otros detalles físicos il,. ;
Dimensiones 26 cm
490 0# - MENCIÓN DE SERIES
Mención de serie Nueve pecesitos ;
-- Serie Raíces
Volume/sequential designation
590 ## - NOTA LOCAL
Texto de la nota local Inventariado, 2025/VM
650 #4 - ENCABEZAMIENTO DE MATERIA--TEMÁTICO
Término temático o nombre geográfico como elemento de entrada Artesanía
Subdivisión temática general Estudio y enseñanza
650 #4 - ENCABEZAMIENTO DE MATERIA--TEMÁTICO
Término temático o nombre geográfico como elemento de entrada Libros ilustrados infantiles
Subdivisión de forma
Fuente del encabezamiento o término
650 #4 - ENCABEZAMIENTO DE MATERIA--TEMÁTICO
Término temático o nombre geográfico como elemento de entrada Pintura moderna
Subdivisión geográfica Puerto Rico
Subdivisión temática general Enseñanza
700 1# - ASIENTO SECUNDARIO -- NOMBRE PERSONAL
Nombre personal Álvarez Astacio, Mrinali
Mención de responsabilidad ilustración
700 1# - ASIENTO SECUNDARIO -- NOMBRE PERSONAL
Nombre personal Álvarez Oneill, Juan
Títulos u otras palabras asociadas con el nombre ilustraciones
710 2# - ASIENTO SECUNDARIO -- NOMBRE CORPORATIVO
Nombre corporativo o de jurisdicción Universidad de Puerto Rico
900 ## - EQUIVALENCIA O REFERENCIA CRUZADA NOMBRE PERSONAL [LOCAL, REPÚBLICA DOMINICANA]
Enlace
910 ## - VALIDACIÓN
Validación VMateo V. Control de calidad. BPMSU
942 ## - ADDED ENTRY ELEMENTS (KOHA)
Source of classification or shelving scheme Dewey Decimal Classification
Koha item type Libros
Existencias
Withdrawn status Lost status Source of classification or shelving scheme Damaged status Not for loan Collection code Home library Current library Date acquired Total Checkouts Full call number Barcode Date last seen Copy number Price effective from Koha item type
    Dewey Decimal Classification     Colección Infantil General Biblioteca Pública Metropolitana Salomé Ureña Biblioteca Pública Metropolitana Salomé Ureña 06/14/2024   BPMSU CGI 745.5 R621a 2005 BPMSU24060033 06/14/2024 e.3 06/14/2024 Libros
    Dewey Decimal Classification     Colección Infantil General Biblioteca Pública Metropolitana Salomé Ureña Biblioteca Pública Metropolitana Salomé Ureña 06/14/2024   BPMSU CGI 745.5 R621a 2005 BPMSU24060034 06/14/2024 e.2 06/14/2024 Libros
    Dewey Decimal Classification     Colección Infantil General Biblioteca Pública Metropolitana Salomé Ureña Biblioteca Pública Metropolitana Salomé Ureña 06/14/2024   BPMSU CGI 745.5 R621a 2005 BPMSU24060035 06/14/2024   06/14/2024 Libros